| 000 | 00940nas a2200277 4500 | ||
|---|---|---|---|
| 001 | BR0810526 | ||
| 003 | BR-BrBNA | ||
| 005 | 20231205112938.0 | ||
| 007 | ta | ||
| 008 | 230509b bl.|||p| |||| 00| 00por d | ||
| 040 |
_aBR-BrBNA _bpor _cBiblioteca Nacional de Agricultura |
||
| 041 | _a(Pt) | ||
| 072 | _aP10 | ||
| 100 | 1 | _aCataldi, M. | |
| 100 | 1 | _aMachado, G. de F. | |
| 100 | 1 | _aSilva, S.B. da | |
| 100 | 1 | _aChilhon, L.G.F. | |
| 245 | 1 | _aAplicação das técnicas de mineração de dados como complemento às previsões estocásticas univariadas de vazão natural: Estudo de caso para a Bacia do Rio Iguaçu | |
| 650 | _aMINERAÇÃO | ||
| 650 | _aVAZÃO | ||
| 650 | _aBACIA HIDROGRÁFICA | ||
| 650 | _aBACIA DO RIO IGUAÇU | ||
| 773 | 0 |
_tRevista Brasileira de Recursos Hídricos (Brazil) _xISSN 1414-381X _g(Jul-Sep 2007), v. 12(3) p. 83-92 _wBR0810526 |
|
| 909 |
_a202311 _bLúcia _c55 _dLúcia Elande |
||
| 942 |
_2AGRIS _n0 _cANA |
||
| 999 |
_c200955 _d200955 |
||